000 00648nam a2200229Ia 4500
003 OSt
005 20220925220449.0
006 a|||||r|||| 00| 0
007 ta
008 220923b |||||||| |||| 00| 0 eng d
037 _cGeneral Book
040 _aRTL
_cRTL
_beng
041 _2eng
_aeng
082 _aX, L9
100 _aWard Benjamin
_9284830
245 0 _aIdeal worlds of economics
_b Liberal, radical and conservative economic world views
260 _aLondon
_bMacmillan
_c1979
300 _aix,482p
_ccm.
650 _aEconomic Theory
942 _hX, L9
_cGB
_2CC
999 _c571543
_d571543